[Event "La Urbina Mejorando Cup 16th"]
[Site "La Urbina"]
[Date "2021.03.05"]
[Round "2"]
[White "Mendoza Romero, Carlos Jose"]
[Black "Guilarte Alarcon, Hector Yuri"]
[Result "1-0"]
[WhiteElo "1857"]
[BlackElo "1784"]
[PlyCount "108"]
[EventDate "2021.03.05"]
[EventType "swiss"]
[EventRounds "5"]
[EventCountry "VEN"]
[SourceTitle "EXT 2022"]
[Source "ChessBase"]
[SourceDate "2021.10.06"]
[SourceVersion "1"]
[SourceVersionDate "2021.10.06"]
[SourceQuality "1"]

1. Nf3 Nf6 2. g3 g6 3. Bg2 Bg7 4. c4 0-0 5. 0-0 d6 6. d4 Na6 7. Nc3 c5 8. d5 Nc7 9. Ne1 Rb8 10. a4 a6 11. a5 b5 12. axb6 Rxb6 13. Nd3 e6 14. e4 exd5 15. exd5 Bg4 16. Bf3 Qd7 17. Re1 Re8 18. Be3 Bf5 19. Na4 Rbb8 20. Ra3 Ng4 21. Bxg4 Bxg4 22. f3 Bf5 23. Nf2 Qd8 24. Qd2 Rb4 25. b3 Qb8 26. Qd1 Bd7 27. Bd2 Rb7 28. Nc3 f5 29. Ne2 Bb2 30. Ra2 Rxb3 31. Kg2 Bg7 32. Bf4 Bf8 33. Nd3 h6 34. Nxc5 dxc5 35. Bxc7 Qb4 36. Rc2 Ba4 37. Qd2 Qb7 38. Qa5 Rb4 39. Rd2 Bb3 40. d6 Re3 41. Rf1 Bxc4 42. d7 Bxe2 43. d8Q Bxf1+ 44. Kg1 Bb5 45. Bf4 Qxf3 46. Qd5+ Qxd5 47. Rxd5 Re2 48. Rd1 Rbb2 49. Bd2 Rbxd2 50. Rxd2 Rxd2 51. Qxd2 c4 52. Qd5+ Kg7 53. Qe5+ Kf7 54. Qe3 Bb4 1-0

[Event "La Urbina Mejorando Cup 16th"]
[Site "La Urbina"]
[Date "2021.03.05"]
[Round "1"]
[White "Vielma Pena, Kenjervi Jeroham"]
[Black "Mendoza Romero, Carlos Jose"]
[Result "0-1"]
[WhiteElo "1659"]
[BlackElo "1857"]
[PlyCount "140"]
[EventDate "2021.03.05"]
[EventType "swiss"]
[EventRounds "5"]
[EventCountry "VEN"]
[SourceTitle "EXT 2022"]
[Source "ChessBase"]
[SourceDate "2021.10.06"]
[SourceVersion "1"]
[SourceVersionDate "2021.10.06"]
[SourceQuality "1"]

1. e4 c5 2. Nf3 Nc6 3. d4 cxd4 4. Nxd4 g6 5. c4 Nf6 6. Nc3 Nxd4 7. Qxd4 d6 8. Be2 Bg7 9. Qd3 0-0 10. Be3 Be6 11. 0-0 Nd7 12. b3 Ne5 13. Qd2 Re8 14. f4 Nc6 15. f5 Bd7 16. Rad1 Ne5 17. Nd5 Bc6 18. Bg5 Bxd5 19. exd5 a6 20. h4 b5 21. h5 bxc4 22. bxc4 gxh5 23. Bh6 Bf6 24. Bg5 Kh8 25. Bxf6+ exf6 26. Qh6 Rg8 27. Bxh5 Rg7 28. Kh1 Qe7 29. Rd4 Rag8 30. Rh4 Nd7 31. Bf3 Qe5 32. Qf4 Rg5 33. Qh2 Qxh2+ 34. Rxh2 Rxf5 35. Rxh7+ Kxh7 36. Be4 Kg7 37. Bxf5 Ne5 38. Kg1 Rb8 39. Rc1 Kh6 40. c5 Kg5 41. Be4 Kf4 42. Bc2 dxc5 43. Rf1+ Ke3 44. Rxf6 Rb2 45. Bf5 Rxa2 46. d6 c4 47. d7 Rd2 48. Rxa6 Nxd7 49. Ra3+ Kf4 50. Bxd7 Rxd7 51. Rc3 Rc7 52. Kf2 Ke4 53. Ke2 Kd4 54. Kd2 Ra7 55. Rf3 Ra2+ 56. Kc1 Ra7 57. Kc2 Rb7 58. Rf4+ Kc5 59. Kc1 Kb4 60. Kb1 Re7 61. Kb2 Ra7 62. Rf2 c3+ 63. Kb1 Kb3 64. Rf3 Re7 65. Rf1 Re2 66. Ka1 f5 67. Rc1 Re5 68. Rf1 Rd5 69. Kb1 Ra5 70. Re1 c2+ 0-1

[Event "Caracas FVA 80th Ann"]
[Site "Caracas"]
[Date "2015.12.17"]
[Round "4"]
[White "Mendoza Romero, Carlos Jose"]
[Black "Merida, Jean"]
[Result "1-0"]
[WhiteElo "1798"]
[BlackElo "1527"]
[PlyCount "55"]
[EventDate "2015.12.16"]
[EventType "swiss"]
[EventRounds "8"]
[EventCountry "VEN"]
[SourceTitle "EXT 2018"]
[Source "ChessBase"]
[SourceDate "2017.10.13"]
[SourceVersion "1"]
[SourceVersionDate "2017.10.13"]
[SourceQuality "1"]

1. e4 e5 2. Nf3 Nc6 3. Bb5 Nd4 4. Nxd4 exd4 5. 0-0 c6 6. Be2 d5 7. exd5 Qxd5 8. Bf3 Qf5 9. Re1+ Be6 10. Bg4 Qd5 11. Bxe6 fxe6 12. Qe2 Kf7 13. c4 Qd7 14. d3 Nf6 15. Bg5 Be7 16. Nd2 h6 17. Nf3 Bd6 18. Bxf6 Kxf6 19. Nxd4 e5 20. Qf3+ Ke7 21. Nf5+ Kd8 22. Qe4 Re8 23. Nxd6 Qxd6 24. d4 Qb4 25. dxe5 Qxb2 26. Rab1 Qxa2 27. Rxb7 Qa6 28. Qd4+ 1-0

[Event "Caracas VII Aniversario Ciencias U.C.V."]
[Site "Caracas"]
[Date "2015.04.01"]
[Round "2.10"]
[White "Martinez Rojas, Carlos Jose"]
[Black "Mendoza Romero, Carlos Jose"]
[Result "1-0"]
[WhiteElo "2031"]
[BlackElo "1775"]
[PlyCount "43"]
[EventDate "2015.04.01"]
[EventType "swiss"]
[EventRounds "9"]
[EventCountry "VEN"]
[SourceTitle "EXT 2022"]
[Source "ChessBase"]
[SourceDate "2021.10.06"]
[SourceVersion "1"]
[SourceVersionDate "2021.10.06"]
[SourceQuality "1"]

1. e4 c5 2. Nc3 Nc6 3. Bb5 g6 4. f4 Bg7 5. Nf3 a6 6. Bxc6 dxc6 7. d3 Nf6 8. e5 Nd5 9. Ne4 0-0 10. 0-0 b6 11. Qe1 Nb4 12. Qf2 Bg4 13. Qe2 Qd7 14. a3 Nd5 15. Qe1 Bxf3 16. Rxf3 f6 17. Qh4 Rf7 18. f5 gxf5 19. Rh3 fxe5 20. Qxh7+ Kf8 21. Bh6 fxe4 22. Qh8# 1-0